Komplexné posúdenie úrovne bezpečnosti vo firme A-STUDIO s.r.o.
Uložené v:
| Hlavný autor: | |
|---|---|
| Ďalší autori: | |
| Médium: | Rukopis Kniha |
| Jazyk: | Slovak |
| Vydavateľské údaje: |
Trnava :
STU v Bratislave MTF UBEI,
2014
|
| Predmet: | |
| On-line prístup: | VAIS |
| Tagy: |
Žiadne tagy, Buďte prvý, kto otaguje tento záznam!
|
MARC
| LEADER | 00000ntm a22000003a 4500 | ||
|---|---|---|---|
| 001 | stu292454 | ||
| 005 | 20150617230301.1 | ||
| 008 | 140626s2014----xo------------------slo-d | ||
| 040 | |a STU |b slo | ||
| 041 | 0 | |a slo | |
| 044 | |a xo | ||
| 100 | 1 | |a Mareništiaková, Veronika, |d 1985- |4 aut |u M |T MTF Materiálovotechnologická fakulta |X 9795 |U M |Y 60 |7 A000009795 | |
| 242 | 0 | 0 | |a A complex evaluation of the level of safety in the company A-STUDIO Ltd. |y eng |
| 245 | 1 | |a Komplexné posúdenie úrovne bezpečnosti vo firme A-STUDIO s.r.o. | |
| 260 | |a Trnava : |b STU v Bratislave MTF UBEI, |c 2014 | ||
| 300 | |a 71s |c CD | ||
| 650 | 7 | |a integrovaná bezpečnosť |2 stusub | |
| 650 | 7 | |a Integrated Safety |2 estusub | |
| 650 | 7 | |a fire protection |2 estusub | |
| 650 | 7 | |a audit |2 stusub | |
| 650 | 7 | |a požiarna ochrana |2 stusub | |
| 650 | 7 | |a bezpečnosť a ochrana zdravia pri práci |2 stusub | |
| 700 | 1 | |a Martinka, Jozef, |d 1983- |4 ths |u M5000 |U MTF Materiálovotechnologická fakulta |T MTF Ústav bezpečnosti, environmentu a kvality |X 45163 |U M5000 |Y 85 |7 A000045163 | |
| 856 | 4 | |a info a plný text |u http://is.stuba.sk/zp/portal_zp.pl?podrobnosti=90241 |3 VAIS | |
| 996 | |c M*DP-11968 |l MMSKP |s P |a 0 |w stu292454_0001 | ||